Language Quiz

Random Language or Letter Quiz

Jumble Recycler PAINTS Quiz Stats

Quiz not verified by Sporcle

Challenge
Share
Tweet
Embed
Score 0/14 Timer 06:00
0 Plays Today
Word Clue Answer % Correct
Pocketed breads for filling, not the animal rights variety.PITAS
96.4%
Sixteen ounce increments, and keep 'em comin'!PINTS
92.9%
Smooth or glossy fabric produced by a weave, or my chair gets a lot of this.SATIN
89.3%
Person acknowledged as virtuous, Roger Moore?SAINT
85.7%
Trousers, lost mine to a tragic Liar, Liar incident.PANTS
78.6%
Unpleasant sensations, Seavers had the growing variety.PAINS
71.4%
A group opposed, disestablishmentarianism would be nothing without them.ANTIS
67.9%
Word Clue Answer % Correct
Colored patch or dirty mark, my reputation has a few.STAIN
67.9%
Caravel of Columbus, poor Lonesome George.PINTA
53.6%
Thin decorative coating, 80% found in the name.PAINT
53.6%
Not appropriate, or why I dreamed of illiteracy.INAPT
21.4%
Cone of silver amalgam, part of Rupert's 'Escape' plan?PINAS
17.9%
Silver or gold bread plate, perhaps how the butter is distributed.PATIN
17.9%
Indian and Pacific palms, the National Institute of Professional Accountants love them.NIPAS
14.3%

You're not logged in!

Compare scores with friends on all Sporcle quizzes.
Sign Up with Email
OR
Log In

You Might Also Like...

Show Comments

Extras

Top Quizzes Today


Score Distribution

Your Account Isn't Verified!

In order to create a playlist on Sporcle, you need to verify the email address you used during registration. Go to your Sporcle Settings to finish the process.

Report this User

Report this user for behavior that violates our Community Guidelines.

Details: